L'humour en chaire : le rire dans l'englise medievale
Saved in:
| Main Author: | |
|---|---|
| Other Authors: | |
| Format: | Book |
| Language: | French |
| Published: |
Geneve :
Labor et Fides,
1994
|
| Series: | Histoire et societe ;
; 28 |
| Subjects: | |
| Tags: |
Add Tag
No Tags, Be the first to tag this record!
|
MARC
| LEADER | 00000nam a2200000 i 4500 | ||
|---|---|---|---|
| 001 | 1/8289 | ||
| 008 | 951009s1994 fre d | ||
| 020 | |a 2-8309-0734-5 | ||
| 035 | |l 10017039 | ||
| 040 | |a GR-MY-UA |b gre |e aacr | ||
| 041 | 0 | |a fre | |
| 082 | 0 | |a 152.4 | |
| 100 | 1 | |a Horowitz, Jeannine. | |
| 245 | 1 | 0 | |a L'humour en chaire : |b le rire dans l'englise medievale / |c Jeannine Horowitz; Sophia Menache |
| 260 | |a Geneve : |b Labor et Fides, |c 1994 | ||
| 300 | |a 287 p. | ||
| 490 | 1 | |a Histoire et societe |v ; 28 | |
| 504 | |a Includes bibliographical references and index | ||
| 650 | 0 | 0 | |a Laughter |x Religious aspects. |
| 650 | 0 | 0 | |a Wit and humor |x Religious aspects |x Christianity. |
| 700 | 1 | |a Menache, Sophia. | |
| 830 | 0 | |a Histoire et societe ; |v ; 28 | |
| 852 | |a INST |b LESVOS |e 19951009 |h 152.4 HOR |p 005100009079 |q 005100009079 |t BK |y 0 | ||
| 909 | |a Λ |b 041302 | ||
| 922 | |a 1ΕΛΗ |b 199505 |c ΜΠΕΝΒΕΝΙΣΤΕ | ||
| 950 | |a 089-1995-02-23 | ||